[Event "Hiver"]
[Site "Montreal CAN"]
[Date "2007.01.19"]
[Round "1"]
[White "Lawson, Eric"]
[Black "Bergeron, Marc"]
[Result "1-0"]
[WhiteElo "2400"]
[BlackElo "2030"]
[PlyCount "131"]
[EventDate "2007.01.19"]
[EventType "swiss"]
[EventRounds "5"]
[EventCountry "CAN"]

1. e4 Nc6 2. Nc3 e5 3. g3 Nf6 4. Bg2 Bc5 5. d3 h6 6. h3 d6 7. Nge2 Be6 8. Na4
Bb6 9. Nxb6 axb6 10. c4 Qd7 11. f4 Qe7 12. O-O h5 13. Be3 Bd7 14. f5 Nh7 15.
Nc3 Nd4 16. Nd5 Qd8 17. Bxd4 exd4 18. Qxh5 c6 19. Nf4 Qe7 20. a3 Ra5 21. b4 Re5
22. Qf3 Nf6 23. Qf2 d5 24. cxd5 cxd5 25. exd5 Re3 26. g4 Bb5 27. Rfd1 Ba4 28.
Re1 O-O 29. g5 Re8 30. Kf1 Nd7 31. h4 Qe5 32. Be4 Rc8 33. Ng2 Rc2 34. Qf4 Rg3
35. Qxe5 Nxe5 36. Re2 Rc3 37. Ne1 Ng4 38. d6 Bd7 39. Nc2 Rh3 40. Nxd4 Rxh4 41.
Kg2 Ne5 42. Nf3 Rxe4 43. Rxe4 Nxf3 44. Kxf3 Rxd3+ 45. Kf4 Rd5 46. Re7 Rxd6 47.
Rc1 Kf8 48. Re4 Bc6 49. Re5 b5 50. Ke3 f6 51. gxf6 Rxf6 52. Kd4 Rh6 53. Kc5 Bd7
54. Kd4 Bc6 55. Re6 Rh4+ 56. Kc5 Rf4 57. Re5 Kf7 58. Kb6 Kf6 59. Rxb5 Bxb5 60.
Kxb5 Rxf5+ 61. Kb6 Rf3 62. Ra1 Ke5 63. Kxb7 Kd5 64. b5 g5 65. a4 Rf7+ 66. Ka6
1-0

[Event "Hiver"]
[Site "Montreal CAN"]
[Date "2007.01.19"]
[Round "2"]
[White "Girouard, Michel"]
[Black "Lawson, Eric"]
[Result "0-1"]
[WhiteElo "1882"]
[BlackElo "2400"]
[PlyCount "76"]
[EventDate "2007.01.19"]
[EventType "swiss"]
[EventRounds "5"]
[EventCountry "CAN"]

1. g3 e5 2. Bg2 Nc6 3. d3 g6 4. e4 Bg7 5. Nc3 Nge7 6. f4 d6 7. Nf3 O-O 8. O-O
f5 9. exf5 gxf5 10. Qe2 h6 11. Be3 d5 12. Bc5 e4 13. dxe4 fxe4 14. Nh4 Bd4+ 15.
Bxd4 Nxd4 16. Qd2 Ndf5 17. Nxf5 Bxf5 18. Ne2 c6 19. h3 h5 20. Rad1 b5 21. Kh2
Rf7 22. b3 Qd6 23. c4 bxc4 24. bxc4 Qg6 25. cxd5 cxd5 26. Rc1 Rd8 27. Nd4 Rg7
28. Rc3 Rd6 29. Rfc1 Bd7 30. Ra3 Nf5 31. Nxf5 Bxf5 32. Qd4 Kh7 33. Rc5 Be6 34.
Rca5 a6 35. Qc5 Bf7 36. Bf1 d4 37. Qxh5+ Qxh5 38. Rxh5+ Bxh5 0-1

[Event "Hiver"]
[Site "Montreal CAN"]
[Date "2007.01.19"]
[Round "3"]
[White "Lawson, Eric"]
[Black "Hua, Lefong"]
[Result "1-0"]
[WhiteElo "2400"]
[BlackElo "2358"]
[PlyCount "83"]
[EventDate "2007.01.19"]
[EventType "swiss"]
[EventRounds "5"]
[EventCountry "CAN"]

1. d4 Nf6 2. Bg5 c5 3. Bxf6 gxf6 4. d5 Qb6 5. Qc1 Bh6 6. e3 d6 7. c4 Nd7 8. Nc3
f5 9. Qd2 a6 10. f4 Nf6 11. Bd3 Bg7 12. Rb1 Bd7 13. Nge2 Qc7 14. O-O Rb8 15.
Ng3 e6 16. e4 fxe4 17. Ngxe4 Nxe4 18. Nxe4 exd5 19. cxd5 f5 20. Ng5 O-O 21. g4
c4 22. Bxf5 Qc5+ 23. Kg2 Bxf5 24. gxf5 Rxf5 25. Rbd1 c3 26. bxc3 Qxc3 27. Qe2
Qf6 28. Ne6 Re8 29. Kh1 Kh8 30. Qf3 Bh6 31. Rc1 Qb2 32. Qh3 Qf6 33. Qd3 Rh5 34.
Rc7 Bf8 35. Rg1 Be7 36. Ng7 Rxh2+ 37. Kxh2 Qh4+ 38. Qh3 Qxf4+ 39. Rg3 Bh4 40.
Nxe8 Qf2+ 41. Kh1 Qe1+ 42. Rg1 1-0

[Event "Hiver"]
[Site "Montreal CAN"]
[Date "2007.01.21"]
[Round "4"]
[White "Larochelle, Martial"]
[Black "Lawson, Eric"]
[Result "1/2-1/2"]
[WhiteElo "2172"]
[BlackElo "2400"]
[PlyCount "64"]
[EventDate "2007.01.19"]
[EventType "swiss"]
[EventRounds "5"]
[EventCountry "CAN"]

1. Nf3 d5 2. d4 Nf6 3. c4 c6 4. Nc3 a6 5. e3 b5 6. cxd5 cxd5 7. Bd3 e6 8. O-O
Nbd7 9. Ne5 Bd6 10. f4 Bb7 11. Qf3 O-O 12. g4 b4 13. Ne2 Ne4 14. Ng3 f5 15.
gxf5 exf5 16. Qh5 Ndf6 17. Qe2 g6 18. Bd2 a5 19. Rfc1 Qb6 20. Nxe4 fxe4 21. Bb5
Rfc8 22. Be1 Rxc1 23. Rxc1 Rc8 24. Rxc8+ Bxc8 25. Bh4 Kg7 26. Bxf6+ Kxf6 27.
Nd7+ Bxd7 28. Bxd7 Qc7 29. Qg4 Qc1+ 30. Kg2 Qd2+ 31. Kf1 Qd3+ 32. Kf2 Qd2+
1/2-1/2

[Event "Hiver"]
[Site "Montreal CAN"]
[Date "2007.01.21"]
[Round "5"]
[White "Lawson, Eric"]
[Black "Cloutier, Mathieu"]
[Result "1/2-1/2"]
[WhiteElo "2400"]
[BlackElo "2045"]
[PlyCount "72"]
[EventDate "2007.01.19"]
[EventType "swiss"]
[EventRounds "5"]
[EventCountry "CAN"]

1. e4 c6 2. d4 d5 3. e5 Bf5 4. Nf3 e6 5. Be2 Nd7 6. O-O c5 7. dxc5 Bxc5 8. c4
Ne7 9. Nc3 dxc4 10. Bxc4 a6 11. Qe2 Bg4 12. Ne4 O-O 13. Nxc5 Nxc5 14. h3 Bh5
15. Be3 Nd7 16. g4 Bg6 17. Bg5 b5 18. Bb3 Nc5 19. Rfd1 Qe8 20. Bxe7 Qxe7 21.
Bc2 Rfd8 22. Bxg6 hxg6 23. Qe3 Rac8 24. Rac1 Na4 25. Rxc8 Rxc8 26. Rd2 Qc5 27.
Qxc5 Nxc5 28. Rc2 a5 29. Nd4 Rd8 30. Rxc5 Rxd4 31. Rxb5 a4 32. Kg2 Rd2 33. Kf3
a3 34. bxa3 Rd3+ 35. Ke4 Rxa3 36. Rb2 g5 1/2-1/2

[Event "Capablanca mem Open"]
[Site "Havana CUB"]
[Date "2006.11.23"]
[Round "3"]
[White "Zambrana, Oswaldo"]
[Black "Lawson, Eric"]
[Result "1-0"]
[WhiteElo "2427"]
[BlackElo "2393"]
[PlyCount "109"]
[EventDate "2006.11.21"]
[EventType "swiss"]
[EventRounds "10"]
[EventCountry "CUB"]
[Source "Mark Crowther"]
[SourceDate "2006.12.04"]

1. e4 c5 2. Nf3 Nc6 3. d4 cxd4 4. Nxd4 Nf6 5. Nc3 e5 6. Ndb5 d6 7. Bg5 a6 8.
Na3 b5 9. Nd5 Be7 10. Bxf6 Bxf6 11. c4 b4 12. Nc2 a5 13. g3 O-O 14. Bg2 Bb7 15.
O-O Nb8 16. b3 Nd7 17. Qd2 Bg5 18. f4 Be7 19. Rad1 Bxd5 20. Qxd5 Qb6+ 21. Kh1
a4 22. Qb5 Qxb5 23. cxb5 axb3 24. axb3 Rfb8 25. fxe5 Nxe5 26. Rd5 Ra5 27. Nd4
g6 28. Bh3 Ra2 29. Nc6 Nxc6 30. bxc6 Rc2 31. Ra5 Rxc6 32. Ra7 Bg5 33. Rfxf7
Rc1+ 34. Bf1 Bh6 35. Kg2 Ra1 36. Rxh7 Rxa7 37. Rxa7 Bg7 38. Bc4+ Kh8 39. Rd7
Rb6 40. Kf3 Kh7 41. h4 Kh6 42. g4 g5 43. h5 Kh7 44. Bf7 Kh6 45. Bg6 Rc6 46. Bf5
Rc3+ 47. Ke2 Rc2+ 48. Kd1 Rc6 49. Kd2 Bc3+ 50. Kd3 Bg7 51. Re7 d5 52. exd5 Rd6
53. Kc4 Rb6 54. Kc5 Rf6 55. d6 1-0

[Event "Capablanca mem Open"]
[Site "Havana CUB"]
[Date "2006.11.24"]
[Round "4"]
[White "Lawson, Eric"]
[Black "Abreu, Aryam"]
[Result "0-1"]
[WhiteElo "2393"]
[BlackElo "2465"]
[PlyCount "86"]
[EventDate "2006.11.21"]
[EventType "swiss"]
[EventRounds "10"]
[EventCountry "CUB"]
[Source "Mark Crowther"]
[SourceDate "2006.12.04"]

1. d4 d5 2. c4 dxc4 3. e3 Nf6 4. Bxc4 e6 5. Nf3 a6 6. O-O c5 7. Bb3 Nc6 8. Nc3
cxd4 9. exd4 Be7 10. Re1 O-O 11. Bg5 Na5 12. Bc2 b5 13. Qd3 g6 14. Ne5 Bb7 15.
a3 Rc8 16. Qh3 Nc4 17. Bh6 Qxd4 18. Rad1 Qc5 19. Bxf8 Bxf8 20. Qh4 Bg7 21. Nxc4
bxc4 22. Rd2 Qb6 23. Red1 h6 24. Qh3 Qc7 25. Qg3 Qa5 26. h3 Nh5 27. Qe3 Nf6 28.
Rd6 Qc7 29. Qb6 Nd5 30. Qxc7 Rxc7 31. Rd8+ Kh7 32. Ba4 Nb6 33. Bc2 Nd5 34. Nxd5
exd5 35. Rb1 Bf6 36. Re8 Bc6 37. Re2 d4 38. Be4 d3 39. Ree1 d2 40. Re2 Bxe4 41.
Rxe4 Bxb2 42. Kf1 c3 43. Ke2 c2 0-1

[Event "Capablanca mem Open"]
[Site "Havana CUB"]
[Date "2006.11.28"]
[Round "8"]
[White "Lawson, Eric"]
[Black "Alvarez Pedraza, Aramis"]
[Result "0-1"]
[WhiteElo "2393"]
[BlackElo "2439"]
[PlyCount "80"]
[EventDate "2006.11.21"]
[EventType "swiss"]
[EventRounds "10"]
[EventCountry "CUB"]
[Source "Mark Crowther"]
[SourceDate "2006.12.04"]

1. e4 e5 2. Nf3 Nc6 3. Bc4 Nf6 4. d3 h6 5. O-O d6 6. Bb3 g6 7. c3 Bg7 8. Re1
O-O 9. h3 Re8 10. Nbd2 a6 11. Nf1 b5 12. Ne3 Bb7 13. a4 Na5 14. Bc2 c5 15. Ng4
Nxg4 16. hxg4 d5 17. axb5 axb5 18. Be3 d4 19. cxd4 exd4 20. Bf4 g5 21. Bd2 c4
22. Qe2 c3 23. bxc3 dxc3 24. Be3 b4 25. Rab1 Qd6 26. Qd1 Rad8 27. Ra1 Qc7 28.
Qb1 b3 29. Bxb3 Nxb3 30. Qxb3 Rxd3 31. Ra7 Rd7 32. Bd4 c2 33. Be3 Rxe4 34. Rc1
Rxg4 35. Qxc2 Qxc2 36. Rxc2 Rd1+ 37. Kh2 Be5+ 38. Kh3 Bxf3 39. Rc1 Kg7 40. gxf3
Rh4+ 0-1

[Event "Capablanca mem Open"]
[Site "Havana CUB"]
[Date "2006.11.29"]
[Round "9"]
[White "Mosquera, Miguel"]
[Black "Lawson, Eric"]
[Result "1-0"]
[WhiteElo "2425"]
[BlackElo "2393"]
[PlyCount "107"]
[EventDate "2006.11.21"]
[EventType "swiss"]
[EventRounds "10"]
[EventCountry "CUB"]
[Source "Mark Crowther"]
[SourceDate "2006.12.04"]

1. e4 c5 2. Nf3 Nc6 3. c3 e6 4. d4 d5 5. exd5 exd5 6. Be3 cxd4 7. Nxd4 Nf6 8.
Nd2 Bd6 9. Be2 O-O 10. O-O a6 11. Re1 Qc7 12. g3 Bh3 13. Qc2 Rfe8 14. Bf1 Bxf1
15. Nxf1 Re4 16. Nxc6 bxc6 17. Bd4 Rae8 18. Rxe4 Nxe4 19. Qe2 c5 20. Be3 Qc6
21. Re1 d4 22. Bc1 Re6 23. Qf3 Qe8 24. Kg2 dxc3 25. bxc3 h6 26. c4 Bf8 27. Ba3
g6 28. h4 h5 29. Re2 Bh6 30. Bb2 Kh7 31. Ne3 f5 32. Nd5 Bf8 33. Qb3 Qf7 34. Qb8
Bg7 35. Bxg7 Kxg7 36. Rb2 Re8 37. Qb6 Re6 38. Qa5 Qd7 39. Rb8 Nf6 40. Qxc5 Qd6
41. Rb7+ Kh6 42. Qd4 f4 43. Rb6 f3+ 44. Kxf3 Qa3+ 45. Kg2 Rxb6 46. Nxb6 Nh7 47.
Qe3+ Qxe3 48. fxe3 Nf8 49. c5 Ne6 50. c6 Nc7 51. e4 Kg7 52. Nd5 Nb5 53. c7 Nd6
54. Nb6 1-0

[Event "Capablanca mem Open"]
[Site "Havana CUB"]
[Date "2006.11.30"]
[Round "10"]
[White "Lawson, Eric"]
[Black "Vera, Reynaldo"]
[Result "1-0"]
[WhiteElo "2393"]
[BlackElo "2510"]
[PlyCount "53"]
[EventDate "2006.11.21"]
[EventType "swiss"]
[EventRounds "10"]
[EventCountry "CUB"]
[Source "Mark Crowther"]
[SourceDate "2006.12.04"]

1. e4 c5 2. Nf3 d6 3. d4 Nf6 4. Nc3 cxd4 5. Nxd4 a6 6. Be3 Nbd7 7. g4 d5 8.
Nxd5 Nxd5 9. exd5 Qa5+ 10. Qd2 Qxd5 11. Rg1 e6 12. Bg2 Qc4 13. O-O-O Bb4 14. c3
Be7 15. Kb1 O-O 16. g5 Re8 17. f4 Nb6 18. Be4 g6 19. h4 Qc7 20. h5 Nc4 21. Qh2
Bf8 22. Bc1 Bg7 23. hxg6 hxg6 24. Rh1 Nd6 25. Bc2 b5 26. f5 exf5 27. Bf4 1-0

[Event "CAN-ch"]
[Site "Toronto CAN"]
[Date "2006.08.19"]
[Round "2"]
[White "Buscar, Michael"]
[Black "Lawson, Eric"]
[Result "0-1"]
[WhiteElo "2127"]
[BlackElo "2393"]
[PlyCount "100"]
[EventDate "2006.08.18"]
[EventType "swiss"]
[EventRounds "9"]
[EventCountry "CAN"]
[Source "Mark Crowther"]
[SourceDate "2006.08.21"]

1. d4 Nf6 2. Nf3 b6 3. Bf4 Bb7 4. e3 Nh5 5. Bg3 Nxg3 6. hxg3 g6 7. Bd3 Bg7 8.
Nbd2 d6 9. Qe2 a6 10. c3 c5 11. O-O O-O 12. Rfe1 Nc6 13. Rad1 d5 14. Bb1 e6 15.
Nf1 Qe7 16. N1h2 e5 17. dxe5 Nxe5 18. Nxe5 Qxe5 19. Nf3 Qc7 20. Rd2 b5 21. a3
Bc6 22. Ba2 Qb7 23. Red1 Rad8 24. Ne1 a5 25. Nd3 Qb6 26. Nf4 d4 27. cxd4 cxd4
28. exd4 Rxd4 29. Qe7 Re4 30. Qg5 Re5 31. Qg4 Be4 32. Nd5 Qa7 33. Ne3 h5 34.
Qd7 Qc5 35. Qd6 Kh7 36. b4 axb4 37. axb4 Qc3 38. Nd5 Bxd5 39. Bxd5 Re1+ 40. Kh2
Rxd1 41. Rxd1 h4 42. Qc5 hxg3+ 43. fxg3 Qb2 44. Qxb5 Be5 45. Qd7 Kg7 46. Be6
Qe2 47. Rd3 Rh8+ 48. Bh3 Rxh3+ 49. Qxh3 Qxd3 50. Qh4 Qb3 0-1

[Event "CAN-ch"]
[Site "Toronto CAN"]
[Date "2006.08.24"]
[Round "7"]
[White "Lawson, Eric"]
[Black "Bluvshtein, Mark"]
[Result "1/2-1/2"]
[WhiteElo "2393"]
[BlackElo "2541"]
[PlyCount "64"]
[EventDate "2006.08.18"]
[EventType "swiss"]
[EventRounds "9"]
[EventCountry "CAN"]
[Source "Mark Crowther"]
[SourceDate "2006.08.28"]

1. e4 c5 2. Nf3 d6 3. Bb5+ Nd7 4. d4 Ngf6 5. Nc3 cxd4 6. Qxd4 e5 7. Qd3 h6 8.
Be3 Be7 9. a4 a6 10. Bc4 Nb6 11. Bxb6 Qxb6 12. O-O Be6 13. Nd5 Nxd5 14. Bxd5
O-O 15. a5 Qc7 16. c3 Rab8 17. Nd2 Rfc8 18. Rfd1 b5 19. axb6 Rxb6 20. Nc4 Rbb8
21. Ra4 Bd7 22. Ra2 Rb5 23. Ne3 Be6 24. h3 Rb6 25. Rda1 Bg5 26. Nd1 Bd7 27. c4
Qa7 28. c5 dxc5 29. Rxa6 Rxa6 30. Rxa6 Qc7 31. Qa3 Kh8 32. Ne3 Bxe3 1/2-1/2

[Event "CAN-op"]
[Site "Kitchener CAN"]
[Date "2006.07.16"]
[Round "2"]
[White "Kulic, Sasa"]
[Black "Lawson, Eric"]
[Result "1/2-1/2"]
[WhiteElo "2192"]
[BlackElo "2393"]
[PlyCount "82"]
[EventDate "2006.07.15"]
[EventType "swiss"]
[EventRounds "9"]
[EventCountry "CAN"]

1. e4 c5 2. Nf3 Nc6 3. d4 cxd4 4. Nxd4 Nf6 5. Nc3 e5 6. Ndb5 d6 7. Bg5 a6 8.
Na3 b5 9. Nd5 Be7 10. Nxe7 Nxe7 11. Bxf6 gxf6 12. c4 bxc4 13. Nxc4 d5 14. exd5
Nxd5 15. Qa4+ Bd7 16. Qa3 Qe7 17. Nd6+ Kf8 18. Bc4 Be6 19. Bxd5 Bxd5 20. Rd1
Be6 21. O-O Rg8 22. f4 exf4 23. Rxf4 Rg6 24. Rfd4 Kg8 25. Qf3 Rb8 26. b3 Kh8
27. R1d2 Rbg8 28. Qb7 Qf8 29. Qxa6 Qg7 30. Qb7 f5 31. Qf3 Rxg2+ 32. Qxg2 Qe5
33. Qxg8+ Kxg8 34. Nc4 Qe1+ 35. Kg2 f4 36. Rxf4 Bxc4 37. Rd8+ Kg7 38. bxc4 Qe2+
39. Rf2 Qe4+ 40. Kg1 Qe1+ 41. Kg2 Qe4+ 1/2-1/2

[Event "CAN-op"]
[Site "Kitchener CAN"]
[Date "2006.07.17"]
[Round "3"]
[White "Lawson, Eric"]
[Black "Doubleday, William"]
[Result "1/2-1/2"]
[WhiteElo "2393"]
[BlackElo "2129"]
[PlyCount "158"]
[EventDate "2006.07.15"]
[EventType "swiss"]
[EventRounds "9"]
[EventCountry "CAN"]

1. e4 c5 2. Nf3 Nc6 3. Bb5 d6 4. Bxc6+ bxc6 5. h3 Ba6 6. d3 g6 7. O-O Bg7 8.
Re1 e5 9. Nbd2 Ne7 10. a3 O-O 11. b4 cxb4 12. axb4 Bb7 13. Nc4 Nc8 14. Na5 Qc7
15. Bb2 Nb6 16. c4 Nd7 17. d4 Rfe8 18. c5 Ba6 19. cxd6 Qxd6 20. dxe5 Qxb4 21.
Qxd7 Qxb2 22. Nxc6 Qb7 23. Qd5 Rac8 24. Nfd4 Ra8 25. f4 Qc8 26. Rec1 Bb7 27.
Rab1 Bxc6 28. Rxc6 Rb8 29. Rbc1 Qd8 30. Rd6 Qh4 31. Rf1 Qg3 32. Rd7 Rf8 33. Nc2
Rb2 34. Qc4 Qb3 35. Qxb3 Rxb3 36. Rxa7 Rc8 37. Ra2 Bf8 38. Kh2 Rc4 39. Re1 Rbc3
40. Re2 Bc5 41. Ne1 Be3 42. g3 g5 43. Ng2 Rxe4 44. fxg5 Rxe5 45. h4 Kg7 46. Kh3
h6 47. gxh6+ Kxh6 48. Ra6+ Kg7 49. Rb2 Rf5 50. Rb4 Rf3 51. Rg4+ Kh7 52. Nxe3
Rcxe3 53. Ra7 Ra3 54. Rxa3 Rxa3 55. Rf4 Kg6 56. Kg4 f5+ 57. Kh3 Rb3 58. Ra4 Rc3
59. Ra6+ Kg7 60. Kg2 Rb3 61. Kf2 Rc3 62. Re6 Ra3 63. Re3 Ra4 64. Kf3 Kf6 65.
Rb3 Rc4 66. Rb6+ Ke5 67. Rg6 Rc3+ 68. Kg2 Rc2+ 69. Kh3 Rc3 70. h5 Rc1 71. Kh4
Rg1 72. Rg8 Kf6 73. Rf8+ Ke6 74. h6 Rh1+ 75. Kg5 Rh3 76. Rf6+ Ke7 77. Kxf5 Rxg3
78. h7 Rh3 79. Kg6 Rxh7 1/2-1/2

[Event "CAN-op"]
[Site "Kitchener CAN"]
[Date "2006.07.19"]
[Round "5"]
[White "Lawson, Eric"]
[Black "Barron, Michael"]
[Result "1-0"]
[WhiteElo "2393"]
[BlackElo "2214"]
[PlyCount "113"]
[EventDate "2006.07.15"]
[EventType "swiss"]
[EventRounds "9"]
[EventCountry "CAN"]

1. e4 e5 2. Nf3 Nc6 3. Bc4 Bc5 4. d3 Nf6 5. O-O a6 6. Bb3 d6 7. c3 O-O 8. h3 b5
9. Re1 Bb7 10. Nbd2 Bb6 11. Nf1 Ne7 12. Ng3 Nd7 13. d4 c5 14. Bg5 c4 15. Bc2 f6
16. Be3 Qc7 17. Nh4 g6 18. Bh6 Rfe8 19. Qg4 Kh8 20. Nh5 Rg8 21. Qe6 gxh5 22.
Qxe7 Qd8 23. Qxd6 exd4 24. cxd4 Nf8 25. Qxd8 Rxd8 26. d5 Bc8 27. Be3 Bxe3 28.
Rxe3 Ng6 29. Nxg6+ hxg6 30. Rd1 Rd6 31. Kf1 g5 32. Ke2 Kg7 33. Kd2 b4 34. Ba4
a5 35. Bb5 Ba6 36. Bxa6 Rxa6 37. h4 gxh4 38. g3 Kf7 39. gxh4 Rg4 40. Rc1 Rxh4
41. Rxc4 Ke7 42. Kd3 Rf4 43. e5 Rxf2 44. e6 Rd6 45. Rc7+ Ke8 46. Ke4 Rg2 47. e7
Rf2 48. Ra7 h4 49. Re1 h3 50. Kd4 Rd2+ 51. Kc4 Rc2+ 52. Kb3 Rc8 53. Rg1 Rd7 54.
Rg8+ Kxe7 55. Rg7+ Ke8 56. Rgxd7 h2 57. Rh7 1-0

[Event "CAN-op"]
[Site "Kitchener CAN"]
[Date "2006.07.22"]
[Round "8"]
[White "Henry, Liam"]
[Black "Lawson, Eric"]
[Result "0-1"]
[WhiteElo "2090"]
[BlackElo "2393"]
[PlyCount "76"]
[EventDate "2006.07.15"]
[EventType "swiss"]
[EventRounds "9"]
[EventCountry "CAN"]

1. e4 c5 2. Nf3 Nc6 3. d4 cxd4 4. Nxd4 Nf6 5. Nc3 e5 6. Ndb5 d6 7. Bg5 a6 8.
Na3 b5 9. Nd5 Be7 10. Bxf6 Bxf6 11. c3 Bg5 12. Nc2 Rb8 13. Nce3 O-O 14. h4 Bxe3
15. Nxe3 Be6 16. g3 Ne7 17. Bg2 Qb6 18. O-O Rfc8 19. Qd2 Rc6 20. Rfd1 Rd8 21.
Nd5 Bxd5 22. exd5 Rc4 23. Qg5 f6 24. Qh5 f5 25. Bh3 Rf8 26. Rd2 h6 27. Re1 Kh7
28. Kh2 g6 29. Qe2 h5 30. f3 Ng8 31. Rg1 Nf6 32. g4 hxg4 33. fxg4 Re4 34. Qd1
fxg4 35. Bxg4 Nxg4+ 36. Rxg4 Rf2+ 37. Rg2 Rxh4+ 38. Kg3 Rff4 0-1

[Event "CAN-op"]
[Site "Kitchener CAN"]
[Date "2006.07.22"]
[Round "9"]
[White "Lawson, Eric"]
[Black "Gulati, Justin"]
[Result "1/2-1/2"]
[WhiteElo "2393"]
[BlackElo "2132"]
[PlyCount "93"]
[EventDate "2006.07.15"]
[EventType "swiss"]
[EventRounds "9"]
[EventCountry "CAN"]

1. e4 g6 2. d4 Bg7 3. Nc3 d6 4. f4 a6 5. Nf3 b5 6. Bd3 Bb7 7. O-O Qc8 8. e5 c5
9. exd6 cxd4 10. Ne4 Nf6 11. Nxf6+ Bxf6 12. dxe7 Nc6 13. f5 Nxe7 14. a4 Qc5 15.
b4 Qb6 16. fxg6 hxg6 17. axb5 axb5 18. Rxa8+ Bxa8 19. Qe2 Rh5 20. Bd2 Kf8 21.
g4 Rh8 22. Bg5 Nd5 23. Bxf6 Qxf6 24. Ne5 Nf4 25. Nd7+ Kg7 26. Rxf4 Qxf4 27.
Qe5+ Qxe5 28. Nxe5 Re8 29. Nd7 Be4 30. Kf2 Bxd3 31. cxd3 Re3 32. Nc5 Kh6 33. h4
f5 34. gxf5 gxf5 35. Nb7 Rxd3 36. Nd6 f4 37. Nxb5 Kh5 38. Ke2 Re3+ 39. Kd2 d3
40. Nd4 Re8 41. Kxd3 Kxh4 42. b5 Rc8 43. Ke4 Kg4 44. Kd5 Rd8+ 45. Kc5 Kg3 46.
Ne2+ Kf3 47. Nxf4 1/2-1/2

[Event "Schaumburg GM-B"]
[Site "Schaumburg USA"]
[Date "2006.04.18"]
[Round "1"]
[White "Lawson, Eric"]
[Black "Burnett, Ronald"]
[Result "1-0"]
[WhiteElo "2369"]
[BlackElo "2390"]
[PlyCount "153"]
[EventDate "2006.04.18"]
[EventType "tourn"]
[EventRounds "9"]
[EventCountry "USA"]
[EventCategory "7"]
[Source "ChessBase"]
[SourceDate "2006.05.09"]

1. e4 e5 2. Nf3 Nc6 3. Bc4 Bc5 4. d3 Nf6 5. O-O d6 6. Bb3 a6 7. c3 Ba7 8. h3
O-O 9. Re1 Kh8 10. Bc2 Ne7 11. Nbd2 Ng6 12. Nf1 Nh5 13. d4 Nhf4 14. Ng3 Nh4 15.
Bxf4 exf4 16. Nf1 Bd7 17. N1h2 Nxf3+ 18. Nxf3 Qf6 19. e5 Qh6 20. exd6 Qxd6 21.
Ne5 Be8 22. Qh5 f5 23. Qh4 c5 24. Qxf4 Rd8 25. dxc5 Qd2 26. Qxd2 Rxd2 27. Rac1
Bxc5 28. Nd3 Ba7 29. Red1 Re2 30. Kf1 Re7 31. Re1 Rc7 32. Ne5 g6 33. Rcd1 Kg7
34. Nf3 Bb5+ 35. Kg1 Re8 36. Rxe8 Bxe8 37. Bb3 Re7 38. Re1 Rxe1+ 39. Nxe1 Bb5
40. Bd5 b6 41. Nf3 Bb8 42. g3 Kf6 43. Nd4 Bd7 44. Bb7 a5 45. Bc6 Bc8 46. Kg2 g5
47. a4 Bd6 48. Kf3 Ke5 49. Ke2 Ba6+ 50. Bb5 Bb7 51. Bd3 Bc8 52. Nf3+ Kf6 53. h4
h6 54. hxg5+ hxg5 55. Bb5 f4 56. gxf4 Bxf4 57. Nd4 g4 58. b4 axb4 59. cxb4 Bc7
60. Bc6 Bd6 61. Nc2 Bf5 62. Ne3 Bxb4 63. Nd5+ Ke5 64. Nxb4 Kd4 65. Bb5 Be6 66.
Kd2 Ke4 67. Bc6+ Kd4 68. Nc2+ Kc4 69. Bb5+ Kd5 70. Ne3+ Kd4 71. Be2 Bd7 72. Bd1
Kc5 73. Nxg4 b5 74. Ne5 Bc8 75. Bg4 Bb7 76. Bf3 Bc8 77. a5 1-0

[Event "Schaumburg GM-B"]
[Site "Schaumburg USA"]
[Date "2006.04.18"]
[Round "2"]
[White "Kopec, Danny"]
[Black "Lawson, Eric"]
[Result "1/2-1/2"]
[WhiteElo "2362"]
[BlackElo "2369"]
[PlyCount "53"]
[EventDate "2006.04.18"]
[EventType "tourn"]
[EventRounds "9"]
[EventCountry "USA"]
[EventCategory "7"]
[Source "ChessBase"]
[SourceDate "2006.05.09"]

1. d4 Nf6 2. Nf3 e6 3. Bg5 b6 4. e4 h6 5. Bxf6 Qxf6 6. Nbd2 Bb7 7. Bd3 Qe7 8.
Qe2 g6 9. O-O-O Bg7 10. Kb1 a6 11. h4 d6 12. e5 Nd7 13. exd6 cxd6 14. Ne4 b5
15. Rde1 Nb6 16. h5 Bxe4 17. Bxe4 d5 18. Bd3 g5 19. Ne5 Nc4 20. Bxc4 bxc4 21.
c3 Bxe5 22. Qxe5 Kd7 23. Rh3 f6 24. Qe2 Rab8 25. Re3 Rb6 26. Qf3 Re8 27. Kc1
1/2-1/2

[Event "Schaumburg GM-B"]
[Site "Schaumburg USA"]
[Date "2006.04.19"]
[Round "4"]
[White "Almeida Saenz, Alfonso"]
[Black "Lawson, Eric"]
[Result "1-0"]
[WhiteElo "2400"]
[BlackElo "2369"]
[PlyCount "95"]
[EventDate "2006.04.18"]
[EventType "tourn"]
[EventRounds "9"]
[EventCountry "USA"]
[EventCategory "7"]
[Source "ChessBase"]
[SourceDate "2006.05.09"]

1. d4 Nf6 2. Nf3 c5 3. e3 d5 4. c4 cxd4 5. exd4 g6 6. Nc3 Bg7 7. Qb3 dxc4 8.
Bxc4 O-O 9. Ne5 e6 10. Be3 Nbd7 11. Rd1 Nb6 12. Be2 Nbd5 13. Bg5 Qb6 14. Qc2
Qd6 15. O-O Bd7 16. Qb3 Bc6 17. Nxc6 bxc6 18. Bf3 Rab8 19. Qc2 Rfc8 20. Na4 Nd7
21. b3 Rb4 22. Bxd5 exd5 23. Be3 Nf8 24. Nc5 Ne6 25. Qd2 Rb5 26. Nxe6 Qxe6 27.
Rfe1 Qd7 28. Bg5 Bf8 29. Qe3 a5 30. h4 h5 31. Rd3 Rbb8 32. Qf4 a4 33. bxa4 Rb4
34. a5 c5 35. Bf6 c4 36. Rde3 Ra4 37. Re5 Rxa5 38. Rxh5 Bg7 39. Bxg7 Kxg7 40.
Qh6+ Kf6 41. Rhe5 Qg4 42. R5e3 c3 43. Rf3+ Qxf3 44. gxf3 c2 45. h5 Rxa2 46.
hxg6 Rg8 47. g7+ Kf5 48. Re5# 1-0

[Event "Schaumburg GM-B"]
[Site "Schaumburg USA"]
[Date "2006.04.20"]
[Round "5"]
[White "Lawson, Eric"]
[Black "Golod, Vitali"]
[Result "0-1"]
[WhiteElo "2369"]
[BlackElo "2571"]
[PlyCount "68"]
[EventDate "2006.04.18"]
[EventType "tourn"]
[EventRounds "9"]
[EventCountry "USA"]
[EventCategory "7"]
[Source "ChessBase"]
[SourceDate "2006.05.09"]

1. e4 e5 2. Nf3 Nc6 3. Nc3 Nf6 4. d4 Bb4 5. d5 Nb8 6. Bd2 O-O 7. Bd3 c6 8. dxc6
Nxc6 9. O-O d6 10. Nd5 Bxd2 11. Nxf6+ Qxf6 12. Nxd2 Be6 13. Nc4 Rad8 14. Ne3
Ne7 15. c4 Qg5 16. Qa4 Ng6 17. Qxa7 Nf4 18. Rfd1 Ra8 19. Qb6 Bg4 20. Nxg4 Qxg4
21. Bf1 Rxa2 22. f3 Rxa1 23. fxg4 Rxd1 24. Qxb7 g6 25. g3 Ne6 26. h4 Nc5 27.
Qa7 Nxe4 28. Kg2 Rb1 29. Qa2 Rd1 30. Qb3 Rxf1 31. Qe3 Rf2+ 32. Kh3 f5 33. c5
Rf3 34. Qe2 fxg4+ 0-1

[Event "Schaumburg GM-B"]
[Site "Schaumburg USA"]
[Date "2006.04.20"]
[Round "6"]
[White "Lawson, Eric"]
[Black "Scekic, Milos"]
[Result "1-0"]
[WhiteElo "2369"]
[BlackElo "2391"]
[PlyCount "75"]
[EventDate "2006.04.18"]
[EventType "tourn"]
[EventRounds "9"]
[EventCountry "USA"]
[EventCategory "7"]
[Source "ChessBase"]
[SourceDate "2006.05.09"]

1. e4 e6 2. d4 d5 3. Nd2 dxe4 4. Nxe4 Bd7 5. Nf3 Bc6 6. Bd3 Nd7 7. O-O Ngf6 8.
Ned2 b6 9. b3 a5 10. Bb2 a4 11. c4 Be7 12. Re1 O-O 13. Qc2 h6 14. Rad1 axb3 15.
axb3 Bb4 16. Re3 Bb7 17. Ne5 Nxe5 18. dxe5 Ng4 19. Re2 Ra2 20. Nf3 Qa8 21. Qb1
Bxf3 22. gxf3 Rxb2 23. Qxb2 Qxf3 24. Be4 Qf4 25. Bg2 Qxh2+ 26. Kf1 Bc5 27. b4
Bxf2 28. Rxf2 Ne3+ 29. Ke2 Nxd1 30. Kxd1 Rd8+ 31. Kc1 Qh4 32. Bf1 Qe4 33. Qc3
Rd4 34. Qf3 Qe1+ 35. Kc2 Rd7 36. Bd3 Qxb4 37. Qa8+ Qf8 38. Bh7+ 1-0

[Event "Mauricie op"]
[Site "Trois-Rivieres CAN"]
[Date "2006.03.17"]
[Round "1"]
[White "Lawson, Eric"]
[Black "Prahov, Valentin"]
[Result "1/2-1/2"]
[WhiteElo "2404"]
[BlackElo "2144"]
[PlyCount "60"]
[EventDate "2006.03.17"]
[EventType "swiss"]
[EventRounds "5"]
[EventCountry "CAN"]

1. e4 c5 2. Nf3 e6 3. d4 cxd4 4. Nxd4 Nf6 5. Nc3 Nc6 6. Ndb5 Bb4 7. a3 Bxc3+ 8.
Nxc3 d5 9. Bd3 dxe4 10. Nxe4 Nxe4 11. Bxe4 Qxd1+ 12. Kxd1 Bd7 13. Be3 O-O-O 14.
Ke2 b6 15. Rhd1 f5 16. Bd3 e5 17. f3 h6 18. Rd2 Be6 19. Rad1 Kc7 20. Bb5 g5 21.
Rxd8 Rxd8 22. Rxd8 Nxd8 23. Bd2 Bd5 24. Kf2 Ne6 25. Bd3 f4 26. Bc3 Kd6 27. Bg6
Nc5 28. b3 Ke6 29. Bb2 Bc6 30. Bh7 Kf6 1/2-1/2